Bartolomé Esteban Murillo / (Record no. 118927)
[ view plain ]
| 000 -LEADER | |
|---|---|
| campo de control de longitud fija | 00526nam a2200169 4500 |
| 001 - NÚMERO DE CONTROL | |
| campo de control | 118927 |
| 003 - IDENTIFICADOR DE NÚMERO DE CONTROL | |
| campo de control | ES-MaACL |
| 005 - FECHA Y HORA DE LA ÚLTIMA TRANSACCIÓN | |
| campo de control | 20230906191215.0 |
| 007 - CAMPO FIJO DE DESCRIPCIÓN FÍSICA--INFORMACIÓN GENERAL | |
| campo de control de longitud fija | t| |
| 008 - DATOS DE LONGITUD FIJA--INFORMACIÓN GENERAL | |
| campo de control de longitud fija | 070214s1972 sp r ||||1| spa d |
| 100 1# - ENTRADA PRINCIPAL--NOMBRE DE PERSONA | |
| Nombre de persona | Pérez Delgado, Rafael. |
| 9 (RLIN) | 90829 |
| 245 10 - MENCIÓN DEL TÍTULO | |
| Título | Bartolomé Esteban Murillo / |
| Mención de responsabilidad, etc. | Rafael Pérez Delgado ; prólogo de Ramón Carande. |
| 260 ## - PUBLICACIÓN, DISTRIBUCIÓN, ETC. | |
| Lugar de publicación, distribución, etc. | Madrid : |
| Nombre del editor, distribuidor, etc. | Giner, |
| Fecha de publicación, distribución, etc. | 1972. |
| 300 ## - DESCRIPCIÓN FÍSICA | |
| Extensión | 232 p. con 15 láms. col. : |
| Otras características físicas | il ; |
| Dimensiones | 35 cm. |
| 700 1# - ENTRADA AGREGADA--NOMBRE PERSONAL | |
| Nombre de persona | Carande, Ramón. |
| 9 (RLIN) | 34952 |
| 852 ## - LOCALIZACIÓN | |
| Ubicación | ES-MaACL |
| Número de control de estantería | C-51829 |
| Sublocalización o colección | R.85542 |
| Estatus retirado | Estado de pérdida | Estado de daño | No para préstamo | Biblioteca de origen | Biblioteca actual | Ubicación en estantería | Fecha de adquisición | Fuente de adquisición | Total de préstamos | Signatura topográfica completa | Código de barras | Visto por última vez | Precio de reemplazo | Tipo de ítem Koha |
|---|---|---|---|---|---|---|---|---|---|---|---|---|---|---|
| Biblioteca del Ateneo de Madrid | Biblioteca del Ateneo de Madrid | Depósito 2 | 17/01/2008 | C-51829 | 1123981 | 23/02/2023 | 23/02/2023 | Libro impreso |
